Quizzes
Events
Quiz Creation
Community
Videos
Private Events
Remove Ads
Sign In
Join for FREE
Feedback
Dark Mode
Quiz Categories
Sports
Geography
Music
Movies
Television
Just For Fun
Miscellaneous
History
Literature
Language
Science
Gaming
Entertainment
Religion
Holiday
For Kids
Quiz Lab
Recent
Popular Today
Quiz Kudos Today
Editor Picks
Curator Picks
Quizzes by...
Day
Popularity
Type
Ratings
Length
Year
Community
Subscriptions
Recent Discussions
Orange Saloon
Badges
Playlists
Quests
Create
Leaderboards
Showdown
Live 5
Trivia Bingo
Activity
Puzzle Library
Sporcle Events
Private Events
Virtual Trivia
Globe League
Become a Host
Pub Owners
SporcleCon
Opinionation
Our Games
Videos
Blog
Mobile Apps
Partnerships
Remove Ads and Go Orange
Feedback
Miscellaneous
Crossword
General Knowledge
Baby Names
Logo
Food
Cars
Numbers
Grab Bag
University
College
Popular
Company
Slogans
Restaurants
Justice
Letter
Miscellaneous
Crossword
General Knowledge
Baby Names
Logo
Food
Cars
Numbers
Grab Bag
University
College
Popular
Company
Slogans
Restaurants
Justice
Letter
Random Quiz
Search Sporcle
×
Quiz Lab
Quiz Lab
Miscellaneous
United States
Type in answers that appear in a list
Type in answers that appear in a list
Classic
Best Score? Go Orange.
Top 50 Most Common US Surnames (1990) Stats
Can you name the Top 100 Most Common US Surnames (1990)?
By
imskilled
12m
50 Questions
197 Plays
197 Plays
197 Plays
Comments
Comments
Give Quiz Kudos
Give Quiz Kudos
-
- Ratings
hide this ad
Replay
Link that replays current quiz
Next Quiz
Link to next quiz in quiz playlist
You Got
0%
They Got
Avg Score
62%
Avg Friend Score
Upgrade to see
Score Distribution
Jump to the score distribution portion of the page
Score
0/50
Timer
12:00
0
Plays Today
% Correct
Smith
98%
Johnson
95.4%
Jones
92.4%
Brown
87.3%
White
85.3%
Jackson
84.8%
Williams
83.2%
Anderson
82.2%
Green
80.2%
Davis
79.7%
Miller
77.2%
Carter
74.6%
Martin
72.6%
Thomas
72.1%
Wilson
71.6%
Taylor
71.6%
Harris
71.6%
Roberts
71.1%
Lewis
69%
Adams
68.5%
Garcia
67.5%
Lee
67.5%
Rodriguez
64%
Allen
60.9%
Young
59.9%
% Correct
Lopez
58.9%
Parker
58.4%
Baker
56.9%
Evans
56.9%
Martinez
54.8%
King
53.8%
Hernandez
53.3%
Clark
51.8%
Moore
50.8%
Thompson
50.8%
Gonzalez
50.8%
Edwards
50.8%
Hill
50.3%
Phillips
50.3%
Walker
49.2%
Nelson
48.7%
Robinson
47.2%
Hall
46.2%
Perez
44.7%
Collins
43.7%
Scott
41.1%
Mitchell
38.1%
Wright
37.1%
Turner
36%
Campbell
31.5%
Quiz Playlist
Details
Report
Send in Message
Add To Playlist
Classic:
Type in answers that appear in a list
Quiz Source
Last Updated: Feb 16, 2017
Quiz Scoreboard
CHALLENGE
Sign Up to Join the Scoreboard
Show All
Scores
Hide
Comments
May contain spoilers
Recently Published
Movies - When Are They Set?
by FPL_Elf
Movies
5m
Popular People in 1961
by mucciniale
History
6m
1-10 Letter E Words III
by El_Dandy
Language
2m
More to Explore
Quiz From the Vault
Featured Blog Post
Where Did the Easter Bunny Come From?
hide this ad
You Might Also Like...
Tags
Popular Quiz
United States Quiz
common
Last Names
Top 50
Today's Top Quizzes in Miscellaneous
Browse Miscellaneous
hide this ad
Today's Top Quizzes in United States
Browse United States
Top Contributed Quizzes in Miscellaneous
1
The JOE quick-fire general knowledge quiz: Day 173
2
The JOE quick-fire general knowledge quiz: Day 172
3
5-to-1: Fast Food
4
Sunday Crossword: Famous Bodies of Water
5
The JOE quick-fire general knowledge quiz: Day 171
6
One Thing in Common: United Kingdom II
7
Named After an Animal - Odd One Out!
8
sort kpop groups by number of members
9
The JOE quick-fire quiz: Day 170
10
Sunday Crossword: Themeless #5
Explore More
Trending Topics
Harry Potter
NBA
Kpop
Disney
Crossword
Anime
Marvel
NFL
Pokémon
WWE
Country
The Office
Song
Puzzle
Soccer
hide this ad
More By:
imskilled
Quiz
Plays
Rating
Category
Featured
Created
Top 50 Most Common US Surnames (1990)
197
3.00
Miscellaneous
Aug 24, 2012
Go to Creator's Profile
Score Distribution
Quiz Creator Spotlight
imskilled
Follow
Send a Message
Quizzes Created
-
Created Quiz Play Count
-
More By This Creator
Popular Quizzes Today
1
Find the Countries of Europe - No Outlines Minefield
2
Find the US States - No Outlines Minefield
3
The Countries of the World
4
Popular People in 1961
5
1-10 Letter E Words III
6
US States
7
Find the US States
8
One Thing in Common: World Cities II
More Miscellaneous Quizzes
'T' General Knowledge
Quiz Lab
Trending Quizzes
Risky Map Clicking: Least Populous States A-Z
Humor Books: The Subtitles
1-10 Letter F Words
1-10 Letter G Words
One Thing in Common: United Kingdom
Recently Updated
Leaping Animals
pecheneg
Reality TV Shows (A-Z)
bhenderson79
Rickey Henderson's Hall of Fame Teammates
pecheneg
Champions League XIs: Arsenal
pecheneg
Quick Pick: Celebrities in WWE's Hall of Fame
aduchscher
A-Z Keypad Blitz II
pecheneg
Multiple Oscar Actors
pecheneg
Mystery Phrase Blitz: Oscar 'Best Actors'
pecheneg
F. Scott Fitzgerald Novels
LTH
Pick 3 Villains
ddd62291
Trending Topics
Anime
Harry Potter
Marvel
NBA
Disney
Kpop
Crossword
Puzzle
Soccer
Country
WWE
NFL
Pokémon
The Office
Song
Your Account Isn't Verified!
In order to create a playlist on Sporcle, you need to verify the email address you used during registration. Go to your
Sporcle Settings
to finish the process.
Report this User
Report this user for behavior that violates our
Community Guidelines
.
Details:
Send Report
Go to the Sporcle.com Mobile Site →
Comments